| 000 | 00765cam a2200277 4500 | ||
|---|---|---|---|
| 001 | 2184680 | ||
| 003 | OSt | ||
| 005 | 20180116183026.0 | ||
| 008 | 691027s1969 mau 000 1 eng | ||
| 010 | _a 71079361 | ||
| 020 | _a0600341054 | ||
| 040 |
_aDLC _cDLC _dDLC |
||
| 050 | 0 | 0 |
_aPZ4.B187 _bJo _aPS3552.A455 |
| 082 | 0 | 0 | _a813.54 BAL 1969 |
| 100 | 1 |
_aBall, John _d1911-1988. |
|
| 245 | 1 | 0 |
_aJohnny Get your Gun; _ba novel, _cby John Ball. |
| 250 | _a[1st ed.] | ||
| 260 |
_aBoston, _bLittle, Brown, _c[1969] |
||
| 300 |
_a117 p. _c21 cm. _bPB |
||
| 350 | _a5.95 | ||
| 440 | _aJohnny Get your Gun; | ||
| 600 | _aBall, John | ||
| 655 | 7 |
_aDetective and mystery stories. _2gsafd |
|
| 906 |
_a7 _bcbc _corignew _du _encip _f19 _gy-gencatlg |
||
| 942 |
_2ddc _cBK |
||
| 999 |
_c350807 _d350807 |
||